000 00794nam a22002175i 4500
001 165992
003 ES-MaACL
005 20251015063148.0
008 020913s1869 fr |||| | fre d
040 _aCCPB | B
_bspa
_cCCPB | B
100 1 _aTaine, Hippolyte,
_d1828-1893
_9109085
245 1 0 _aPhilosophie de l'art en Grèce /
_cpar H. Taine.
260 _aParis [etc.] :
_bGermer Baillière, libraire-éditeur,
_c1869 (
_fimprimerie de E. Martinet)
300 _a204 p. ;
_c18 cm.
490 1 _aBibliothèque de philosophie contemporaine
650 4 _aArte-
_xFilosofía-
_zGrecia.
_9188585
752 _aFrancia -
_dParís
830 0 _aBibliothèque de philosophie contemporaine
_9181027
852 _aES-MaACL
_jF-11765
_z-- Enc. pasta española
999 _c165992
_d165992